000 00581nam a2200229Ia 4500
005 20241216011052.0
008 190212s9999||||xx |||||||||||||| ||und||
020 _a968-24-5233-3
082 _a658.048
_bF39
100 _aFERRER PEREZ LUIS
245 0 _aDESARROLLO ORGANIZACIONAL
250 _a3
260 _aMEXICO
_bTRILLAS S.A.
_c1996
300 _a213 pag
_c24 cm
341 _h0
490 _v0
_a0
505 _aINDUSTRIAS-ORGANIZACIONAL-CONTROL
541 _aC
_d01-Feb-99
_oSoles
650 _aCIENCIAS APLICADAS
856 _zCiencias Aplicadas
942 _cLIBRO
999 _c31758
_d31758